000 00874nam a22002537a 4500
003 OSt
005 20250710143823.0
008 200909b1996 ck a|||br|||| 00| 0 spa d
020 _a9583002755
040 _aCO-JMCR
_cCO-JMCR
041 0 _aspa
082 0 4 _223
_aN
_bNIÑn
100 1 _aNiño, Jairo Aníbal,
_eautor
_92964
245 1 3 _aEl nido más bello del mundo /
_cJairo Aníbal Niño
250 _aPrimera edición
260 _aBogotá :
_bPanamericana,
_c1992.
300 _a79 páginas :
_bilustraciones a color ;
_c18 cm.
490 1 _aColección osito de anteojos ;
_aEcosistema
520 0 _aZer, el gorrión y lía, la gorriona, fueron la comidilla del día en todos los árboles, tejados y jardines.
650 2 4 _aAnimales en la literatura
_910003
650 2 4 _aNovela infantil
_91227
650 2 4 _aLiteratura infantil
_910004
942 _2ddc
_cBK
999 _c6829
_d6829